Library of the University of Algiers 3
Ibrahim Sultan Cheibout
شعار جامعة الجزائر 3
مكتبة جامعة الجزائر 3
إبراهيم سلطان شيبوط

التطور واقتصاديات الموارد : (رقم التسجيلة. 44180)

تفاصيل مارك
000 -LEADER
fixed length control field 01772nam a2200241Ia 4500
003 - CONTROL NUMBER IDENTIFIER
control field Ost
005 - DATE AND TIME OF LATEST TRANSACTION
control field 20260507075354.0
008 - FIXED-LENGTH DATA ELEMENTS--GENERAL INFORMATION
fixed length control field 260507s9999||||xx |||||||||||||| ||und||
020 ## - INTERNATIONAL STANDARD BOOK NUMBER
International Standard Book Number 10753799779
040 ## - CATALOGING SOURCE
Transcribing agency fsecg
041 ## - LANGUAGE CODE
Language code of text/sound track or separate title ara
082 ## - DEWEY DECIMAL CLASSIFICATION NUMBER
Classification number 330
100 ## - MAIN ENTRY--PERSONAL NAME
Personal name توفيق، محب خلة
Relator term مؤلف
245 #0 - TITLE STATEMENT
Title التطور واقتصاديات الموارد :
Remainder of title دراسة خاصة بتطور الفكر والوقائع الإقتصادية واقتصاديات موارد عناصر الإنتاج /
Statement of responsibility, etc. محب خلة توفيق
260 ## - PUBLICATION, DISTRIBUTION, ETC.
Place of publication, distribution, etc. الإسكندرية:
Name of publisher, distributor, etc. دار الفكر الجامعي,
Date of publication, distribution, etc. 2011
300 ## - PHYSICAL DESCRIPTION
Extent 438 صفحة؛
Other physical details إيضاحات ؛
Dimensions 24 سم
504 ## - BIBLIOGRAPHY, ETC. NOTE
Bibliography, etc. note المراجع ص.431
520 ## - SUMMARY, ETC.
Summary, etc. تطور الفكر والوقائع الإقتصادية- الانظمة الإقتصادية في العصور القديمة والوسطى- النظم الإقتصادية في العصر الحديث- اقتصاديات الموارد الطبيعية- التعريف باقتصاديات الموارد وتقسيماتها وخصائصها- الموارد الطبيعية، المفهوم، الكفاية والانواع- الابعاد الإقتصادية للموارد الطبيعية- أهم المشكلات الإقتصادية الكلية المرتبطة بالموارد الطبيعية - اقتصاديات الموارد غير الطبيعية- اقتصاديات الموارد البشرية- أهم المشكلات الإقتصادية الكلية المرتبطة بالموارد البشرية- اقتصاديات موارد التنظيم
653 ## - INDEX TERM--UNCONTROLLED
Uncontrolled term الأنظمة الإقتصادية
653 ## - INDEX TERM--UNCONTROLLED
Uncontrolled term التطور الإقتصادي
653 ## - INDEX TERM--UNCONTROLLED
Uncontrolled term الفكر الإقتصادي
942 ## - ADDED ENTRY ELEMENTS (KOHA)
Koha item type كتب
المقتنيات
Withdrawn status Lost status Source of classification or shelving scheme Damaged status Not for loan Home library Current library Date acquired Serial enumeration / chronology Inventory number Total checkouts Full call number Barcode Date last seen Price effective from Koha item type
    Dewey Decimal Classification   NOT LOAN / إعارة داخلية مكتبة كلية العلوم الإقتصادية والعلوم التجارية وعلوم التسيير مكتبة كلية العلوم الإقتصادية والعلوم التجارية وعلوم التسيير 07/05/2026 الطابق الأرضي 25175   أ/4237ن1 25175 07/05/2026 07/05/2026 كتب
    Dewey Decimal Classification   Available مكتبة كلية العلوم الإقتصادية والعلوم التجارية وعلوم التسيير مكتبة كلية العلوم الإقتصادية والعلوم التجارية وعلوم التسيير 07/05/2026 الطابق الأرضي 25176   أ/4237ن2 25176 07/05/2026 07/05/2026 كتب
    Dewey Decimal Classification   Available مكتبة كلية العلوم الإقتصادية والعلوم التجارية وعلوم التسيير مكتبة كلية العلوم الإقتصادية والعلوم التجارية وعلوم التسيير 07/05/2026 الطابق الأرضي 25177   أ/4237ن3 25177 07/05/2026 07/05/2026 كتب

موارد الويب المفتوحة


© University of Algiers 3 All Rights Reserved
|
Implemented by LECHELAH Riad